Internet (nielen) pre učiteľov
Uložené v:
| Hlavný autor: | |
|---|---|
| Médium: | Kniha |
| Jazyk: | Slovak |
| Vydavateľské údaje: |
Bratislava
INFOPRESS
2008
|
| Predmet: | |
| Tagy: |
Žiadne tagy, Buďte prvý, kto otaguje tento záznam!
|
MARC
| LEADER | 00000nam a2200000 4500 | ||
|---|---|---|---|
| 001 | 0194271 | ||
| 005 | 20240318115313.3 | ||
| 020 | |a 978-80-85402-91-9 | ||
| 041 | 0 | |a slo | |
| 044 | |a SK | ||
| 245 | 1 | 0 | |a Internet (nielen) pre učiteľov |c Karol Kollár |
| 264 | 1 | |a Bratislava |b INFOPRESS |c 2008 | |
| 300 | |a 128 s. | ||
| 610 | 2 | 0 | |a internet |
| 610 | 2 | 0 | |a technológie informačné |
| 610 | 2 | 0 | |a technológie komunikačné |
| 610 | 2 | 0 | |a siete počítačové |
| 610 | 2 | 0 | |a využitie počítačov |
| 610 | 2 | 0 | |a poradenstvo profesionálne |
| 100 | 1 | |a Kollár, Karol | |